Catalog

Record Details

Catalog Search



Dogmatik / Band 1 Die Christliche Lehre von Gott Cover Image Book Book

Dogmatik / Emil Brunner Band 1 Die Christliche Lehre von Gott

Brunner, Emil (Author).

Record details

  • Physical Description: 381 S.
  • Publisher: Zürich Zwingli Verlag 1946

Available copies

  • 1 of 1 copy available at Common Catalog SPOK.

Holds

  • 0 current holds with 1 total copy.
Show Only Available Copies
Location Call Number / Copy Notes Barcode Shelving Location Status Due Date
ETS Library 230.044 424470006559 Volný výběr Available -

LDR 00625nam a2 00229
00142786
003CZ-PrJAB
00520040121000000.0
008010405s1946 sz e |||| |ger
009ch
035 . ‡a(CONS)2137
035 . ‡aKPS8505
040 . ‡aABG450
041 . ‡ager
08214. ‡a230.044
100 . ‡71813 ‡aBrunner, Emil
245 . ‡aDogmatik / ‡cEmil Brunner ‡nBand 1 ‡pDie Christliche Lehre von Gott
260 . ‡aZürich ‡bZwingli Verlag ‡c1946
300 . ‡a381 S.
653 . ‡aDogmatik ‡aDie Christliche Lehre von Gott
8524 . ‡bETS ‡bETS ‡cVolný výběr ‡j230.044 ‡gA ‡p424470006559
910 . ‡aABG450
999 . ‡a2137 ‡bAUTOGEN ‡c2137 ‡tbiblio
905 . ‡uadmin
901 . ‡a42786 ‡b ‡c42786 ‡tbiblio ‡sets

Additional Resources